| 000 | 00781pam a2200277 a 4500 | ||
|---|---|---|---|
| 001 | 425643 | ||
| 003 | OSt | ||
| 005 | 20140310182655.0 | ||
| 008 | 810518s1981 dcu 000 0 eng | ||
| 010 | _a 81008598 | ||
| 020 | _a0828000794 | ||
| 040 |
_aDLC _cDLC _dDLC |
||
| 050 | 1 | 0 |
_aBT 751.2 _b.Sp735 1981 |
| 082 | 0 | 0 |
_aM 234 _bSp2 1981 |
| 100 | 1 | _aSpangler, Bob. | |
| 245 | 1 | 0 |
_aMarked! / _cSpangler, Bob |
| 260 |
_aWashington, D.C. : _bReview and Herald Pub. Association, _cc1981. |
||
| 300 |
_a156 p. ; _c17 cm. |
||
| 521 | _aCollege Students | ||
| 526 | _c1210L to 1700L | ||
| 541 | _j1 | ||
| 562 | _efor circulation. 1 copy available in the collection | ||
| 650 | 0 | _aSalvation. | |
| 906 |
_a7 _bcbc _corignew _d1 _eocip _f19 _gy-gencatlg |
||
| 942 |
_2lcc _cBK _kM |
||
| 999 |
_c15101 _d15101 |
||